All types of a Boeing 737 and the Airbus A320 - Statistics

General Stats
  • This quiz has been taken 283 times
  • The average score is 14 of 19
Answer Stats
Answer % Correct
A320
95%
737-800
93%
737-100
91%
737-200
91%
737-300
91%
737-400
91%
737-500
91%
737-600
91%
737-700
91%
737-900
90%
A321
86%
A319
83%
A318
82%
A320neo
82%
A321neo
75%
A319neo
65%
737-900ER
37%
A320ceo
14%
A319ceo
11%
No matching quizzes found
Score Distribution
Percent of People with Each Score
Percentile by Number Answered
Your Score History
You have not taken this quiz